Mechanics of Solids-I (Record no. 553952)

000 -LEADER
fixed length control field 00375nam a22001217a 4500
082 ## - DEWEY DECIMAL CLASSIFICATION NUMBER
Classification number CP-65
Author Mark CE-103
100 ## - MAIN ENTRY--PERSONAL NAME
Personal name Maj Mirza Muhammad Shahzad Baig
9 (RLIN) 51197
245 ## - TITLE STATEMENT
Title Mechanics of Solids-I
Remainder of title Maj Mirza Muhammad Shahzad Baig
260 ## - PUBLICATION, DISTRIBUTION, ETC.
Place of publication, distribution, etc. Risalpur
Name of publisher, distributor, etc. MCE
Date of publication, distribution, etc. Fall Semster 2016
500 ## - GENERAL NOTE
General note BE-Civil Engineering, OD-84/CED-85
526 ## - STUDY PROGRAM INFORMATION NOTE
Program name 0
Interest level 0
Reading level 0
Title point value CP_65_CE103
942 ## - ADDED ENTRY ELEMENTS (KOHA)
Source of classification or shelving scheme
Koha item type Book Bank
Holdings
Withdrawn status Lost status Source of classification or shelving scheme Damaged status Not for loan Permanent Location Current Location Date acquired Total Checkouts Full call number Barcode Date last seen Date last checked out Price effective from Koha item type
          Military College of Engineering (MCE) Military College of Engineering (MCE) 08/16/2017 1 CP-65 CE-103 MCE-CP-65 01/25/2018 11/20/2017 08/16/2017 Book Bank
© 2023 Central Library, National University of Sciences and Technology. All Rights Reserved.